United airlines Fleet Quiz - Statistics

General Stats
  • This quiz has been taken 30 times
  • The average score is 11 of 20
Answer Stats
Answer % Correct
Airbus A320
90%
Airbus A319
81%
Boeing 737-700
81%
Boeing 737-800
81%
Boeing 787-10
76%
Boeing 787-8
76%
Boeing 787-9
76%
Boeing 757-200
71%
Boeing 757-300
71%
Boeing 777-200ER
71%
Boeing 777-300ER
71%
Boeing 767-300ER
67%
Boeing 767-400ER
67%
Boeing 737 Max8
62%
Boeing 737 Max9
62%
Bombadiar CRJ-200
0%
Bombadiar CRJ-550
0%
Bombadiar CRJ-700
0%
Embrear E145
0%
Embrear E175
0%
No matching quizzes found
Score Distribution
Percent of People with Each Score
Percentile by Number Answered
Your Score History
You have not taken this quiz